| 000 | nam a22 a 4500 | ||
|---|---|---|---|
| 999 |
_c448148 _d448148 |
||
| 003 | BLK | ||
| 005 | 20220310122103.0 | ||
| 008 | 220310b bul|||||r ||||||| ||bul|| | ||
| 040 | _aBLK | ||
| 041 |
_aBUL _cBUL |
||
| 080 |
_aТеатрална музика. Опера. Оперета. Балет _b782 _x(497.2)(062) _z782(497.2)(062) |
||
| 110 |
_9457831 _aНародна опера _gСофия |
||
| 139 | _bН 25 | ||
| 245 | 1 | 0 |
_aБохеми _bОпера в четири действия _cМузика от Джакомо Пучини _h[Малотир. изд.] |
| 257 | _aBGR | ||
| 260 |
_aСофия _bб. и. _c1946 _9441842 _fСофия, печ. Гладстон |
||
| 300 |
_a32 с., 4 с. _bс граф. портр. _c24 см |
||
| 380 | _a7 | ||
| 500 | _aЛибрето ДЖ. Джакоза, Диригент Ас. Найденов, Постановка П. И. Румянцев. | ||
| 501 | _aНародна опера - Русе, Бохеми, опера в 4 действ., музика Джакомо Пучини - Русе, 1951 | ||
| 505 |
_rП. И. Румянцев _tЗа постановката на Бохеми |
||
| 505 | _rСъдържание | ||
| 505 |
_rПетър Увалиев _tБохемите и тяхното време |
||
| 505 | _tПърви критики за "Бохеми" | ||
| 505 |
_rИван Камбуров _tДжакомо Пучини |
||
| 653 | 7 |
_aопера _9192829 |
|
| 852 |
_aЦб 311365 _bЦб |
||
| 856 | 4 | _qpdf | |
| 856 | 4 | _qpdf | |
| 942 |
_cKNG _n0 _s1 |
||
| 944 |
_aCR _c2022-03-10 _kА.М. |
||